United States income taxation of private investments in developing countries
保存先:
| フォーマット: | 図書 |
|---|---|
| 言語: | Undetermined |
| 出版事項: |
New York
United Nations
1970
|
| 主題: | |
| タグ: |
タグ追加
タグなし, このレコードへの初めてのタグを付けませんか!
|
| Thư viện lưu trữ: | Trung tâm Học liệu Trường Đại học Cần Thơ |
|---|
| LEADER | 00588nam a2200193Ia 4500 | ||
|---|---|---|---|
| 001 | CTU_97886 | ||
| 008 | 210402s9999 xx 000 0 und d | ||
| 082 | |a 300.8 | ||
| 082 | |b U58 | ||
| 245 | 0 | |a United States income taxation of private investments in developing countries | |
| 245 | 0 | |c United Nations | |
| 260 | |a New York | ||
| 260 | |b United Nations | ||
| 260 | |c 1970 | ||
| 650 | |a Investments, american,Income tax | ||
| 650 | |x Taxation,Law and legislation,Foreign income | ||
| 650 | |z United states | ||
| 904 | |i Giang | ||
| 980 | |a Trung tâm Học liệu Trường Đại học Cần Thơ | ||